00535nam a22001577a 4500020001800000082003000018100002500048245007800073260003600151300001100187526003700198650001300235942001200248999001900260952009800279 a0-7121-0443-7 a624.1771bCURcL-19, P-76 aCurrie, Brian942938 aDesign of structural elements level IVcBrain Currie and Robert A. Sharpe aUKbMacdonald & Evans Ltdc1984 a189.p: a0b0c0d624_177100000000000_CUR aMCE9379 2ddccBK c546741d546741 00102ddc4070aMCEbMCEd2014-06-18l0o624.1771 CURpMCE-24904r2014-06-18w2014-06-18yBK